Rethinking the Mahabharata: (Record no. 38256)

000 -LEADER
fixed length control field 00451nam a22001571a 4500
020 ## - INTERNATIONAL STANDARD BOOK NUMBER
ISBN 9780195664201
082 ## - DEWEY DECIMAL CLASSIFICATION NUMBER
Classification number 294.592 3
Item number HIL/R
100 ## - MAIN ENTRY--AUTHOR NAME
Personal name Alf Hiltebeitel
245 ## - TITLE STATEMENT
Title Rethinking the Mahabharata:
Sub Title a reader's guide to the education of the dharma king/
Statement of responsibility, etc by Alf Hiltebeitel.
260 ## - PUBLICATION, DISTRIBUTION, ETC. (IMPRINT)
Place of publication New Delhi:
Name of publisher Oxford University Press,
Year of publication 2002.
300 ## - PHYSICAL DESCRIPTION
Number of Pages 365p.
650 ## - SUBJECT ADDED ENTRY--TOPICAL TERM
Topical Term Mahabharata
650 ## - SUBJECT ADDED ENTRY--TOPICAL TERM
Topical Term Hinduism
650 ## - SUBJECT ADDED ENTRY--TOPICAL TERM
Topical Term Religion
942 ## - ADDED ENTRY ELEMENTS (KOHA)
Koha item type Book
Holdings
Withdrawn status Lost status Damaged status Not for loan Permanent Location Current Location Date acquired Cost, normal purchase price Full call number Accession Number Cost, replacement price Price effective from Koha item type
        Sree Sankaracharya University of Sanskrit Sree Sankaracharya University of Sanskrit 08.01.2015 645.00 294.592 3 HIL/R 044729 0.00 08.01.2015 Book